Die 100 größten Städte der Welt - Statistiken

Allgemein
  • Dieses Quiz wurde 278 mal gespielt
  • Das Durchschnittsergebnis liegt bei 52 aus 100
Antwortstatistiken
Rang Stadt Land Einwohner (ca.) % Korrekt
1 Tokio Japan 37,5 Mio
98%
11 New York City USA 18,8 Mio
95%
6 Kairo Ägypten 21,0 Mio
92%
5 Mexiko-Stadt Mexiko 22,0 Mio
92%
15 Istanbul Türkei 15,0 Mio
91%
19 Rio de Janeiro Brasilien 13,5 Mio
90%
37 London Vereinigtes Königreich 9,5 Mio
89%
23 Los Angeles USA 12,7 Mio
89%
28 Paris Frankreich 11,1 Mio
89%
4 São Paulo Brasilien 22,0 Mio
88%
7 Mumbai Indien 21,0 Mio
87%
8 Peking (Beijing) China 20,0 Mio
86%
43 Ho-Chi-Minh-Stadt Vietnam 9,0 Mio
85%
24 Moskau Russland 12,5 Mio
85%
13 Buenos Aires Argentinien 15,2 Mio
84%
3 Shanghai China 27,0 Mio
83%
35 Seoul Südkorea 10,3 Mio
82%
57 Madrid Spanien 6,6 Mio
81%
32 Lima Peru 10,8 Mio
80%
70 Barcelona Spanien 5,6 Mio
77%
2 Delhi Indien 32,0 Mio
76%
29 Bogotá Kolumbien 10,9 Mio
75%
89 Sydney Australien 4,5 Mio
75%
84 Brasília Brasilien 4,9 Mio
74%
10 Osaka Japan 19,0 Mio
74%
63 Toronto Kanada 6,3 Mio
74%
41 Chicago USA 9,1 Mio
73%
30 Jakarta Indonesien 10,9 Mio
73%
17 Manila Phillippinen 14.3 Mio
73%
88 Ankara Türkei 4,5 Mio
72%
33 Bangkok Thailand 10,5 Mio
70%
66 Singapur Singapur 6,0 Mio
69%
72 Johannesburg Südafrika 5,5 Mio
68%
55 Santiago Chile 6,8 Mio
68%
54 Bagdad Irak 7,0 Mio
67%
9 Dhaka Bangladesch 20,0 Mio
67%
46 Kuala Lumpur Malaysia 8,7 Mio
66%
18 Lagos Nigeria 14,0 Mio
66%
65 Miami USA 6,2 Mio
66%
21 Kinshasa DR Kongo 13,3 Mio
62%
79 Melbourne Australien 5,0 Mio
62%
40 Teheran Iran 9,2 Mio
62%
61 Houston USA 6,4 Mio
61%
62 Dallas USA 6,3 Mio
60%
85 Nairobi Kenia 4,8 Mio
60%
100 Quito Ecuador 3,8 Mio
60%
78 Boston USA 5,1 MIo
59%
48 Hongkong China 7,6 Mio
59%
93 Vancouver Kanada 4,3 Mio
58%
42 Wuhan China 9,1 Mio
55%
91 Addis Abeba Äthiopien 4,4 Mio
53%
22 Guangzhou China 13,0 Mio
51%
44 Luanda Angola 8,8 Mio
51%
83 Accra Ghana 4,9 Mio
50%
98 Algier Algerien 4,0 Mio
49%
67 Philadelphia USA 6,0 Mio
49%
92 Montreal Kanada 4,3 Mio
47%
68 Atlanta USA 6,0 Mio
44%
99 Medellín Kolumbien 3,9 Mio
44%
26 Lahore Pakistan 12,3 Mio
43%
25 Shenzhen China 12,5 Mio
43%
27 Bangalore Indien 12,1 Mio
42%
47 Xi’an China 8,5 Mio
42%
71 Khartum Sudan 5,6 Mio
41%
34 Hyderabad Indien 10,5 Mio
39%
31 Chennai Indien 10,8 Mio
36%
64 Dar es Salaam Tansania 6,3 Mio
36%
76 Guadalajara Mexiko 5,2 Mio
36%
95 Detroit USA 4,0 Mio
34%
45 Ahmedabad Indien 8,7 Mio
33%
14 Chongqing China 15,0 Mio
33%
12 Karachi Pakistan 16,1 Mio
33%
38 Chengdu China 9,4 Mio
30%
82 Monterrey Mexiko 4,9 Mio
30%
90 Phnom Penh Kambodscha 4,5 Mio
30%
16 Kolkata Indien 14,8 Mio
29%
36 Nagoya Japan 9,5 Mio
29%
20 Tianjin China 13,4 Mio
28%
50 Hangzhou China 7,4 Mio
25%
39 Nanjing China 9,3 Mio
24%
59 Pune Indien 6,5 Mio
24%
97 Porto Alegre Brasilien 4,0 Mio
22%
96 Salvador Brasilien 4,0 Mio
22%
86 Cape Town Südafrika 4,7 Mio
20%
94 Fortaleza Brasilien 4,2 Mio
20%
60 Harbin China 6,4 Mio
18%
56 Surat Indien 6,7 Mio
18%
53 Riyadh Saudi-Arabien 7,0 Mio
17%
74 Dalian China 5,3 Mio
16%
73 Qingdao China 5,4 Mio
16%
81 Hefei China 5,0 Mio
15%
69 Fuzhou China 5,9 Mio
14%
75 Zhengzhou China 5,3 Mio
14%
80 Changsha China 5,0 Mio
13%
87 Jinan China 4,6 Mio
12%
58 Suzhou China 6,6 Mio
12%
49 Dongguan China 7,5 Mio
11%
51 Foshan China 7,3 Mio
11%
77 Shijiazhuang China 5,2 Mio
8%
52 Shengyang China 7,1 Mio
6%
Keine übereinstimmenden Quizze gefunden
Verteilung der Resultate
Anzahl Personen mit jedem Resultat
Perzentil nach korrekt beantworteten Fragen
Ihre Resultats-Entwicklung
Sie haben dieses Quiz noch nicht gespielt